| 000 | 00514nam a22001937a 4500 | ||
|---|---|---|---|
| 008 | 151002b xxu||||| |||| 00| 0 eng d | ||
| 020 | _a9781617400254 | ||
| 020 | _a1617400254 | ||
| 041 | 0 | _aeng | |
| 080 | _a316.343 | ||
| 245 | _aThe engaged citizen : | ||
| 250 | _a4th. ed. | ||
| 260 |
_aCinncinati, Ohio _bVan-Griner; _c2012. |
||
| 300 |
_a276 f.: _bme il.; _c27 cm. |
||
| 650 | 0 | _aShoqëria | |
| 650 | 0 | _aNdryshimi | |
| 650 | 0 | _aKomunikimi | |
| 942 |
_2udc _cBK |
||
| 999 |
_c1211 _d1211 |
||